Ergebnisse des WM-Finales - Sudden Death - Statistiken

Allgemein
  • Dieses Quiz wurde 381 mal gespielt
  • Das Durchschnittsergebnis liegt bei 6 aus 16
Answers on the Grid
Answers color-coded by a green-red scale on the quiz's grid according to % correct below.
0:0 n. V. 2:1 i.E.
1:1 n. V. 2:1 i. E.
4:0
5:0
2:2 n. V. 4:3 i. E.
2:0 n. V.
4:3
4:0
3:2 n. V.
4:3
5:1
0:0 n. V. 3:2 i. E.
1:0 n. V.
1:1 n. V. 5:3 i. E.
2:0
2:1
2:1 n. V.
3:0
3:1
3:1 n. V.
3:2
3:3 n. V. 4:2 i. E.
4:1
4:2
4:2 n. V.
5:2
1:0
 
Antwortstatistiken
Antwort % Korrekt
1:0
74%
1:0 n. V.
56%
3:3 n. V. 4:2 i. E.
50%
2:0
48%
2:1
48%
4:2
42%
1:1 n. V. 5:3 i. E.
36%
3:2
36%
3:1
32%
0:0 n. V. 3:2 i. E.
28%
3:0
28%
2:1 n. V.
23%
4:2 n. V.
19%
5:2
18%
4:1
14%
3:1 n. V.
11%
Keine übereinstimmenden Quizze gefunden
Verteilung der Resultate
Anzahl Personen mit jedem Resultat
Perzentil nach korrekt beantworteten Fragen
Ihre Resultats-Entwicklung
Sie haben dieses Quiz noch nicht gespielt